000
00345nam a2200145Ia 4500
008
151213s9999 xx 000 0 und d
100
_a
Shakespeare
245
_a
Hamlet
_c
Shakespeare
260
_a
New Delhi
_b
Roma Brothers
_c
1987
300
_a
9073 p.
650
_a
English
650
_a
English (Nots)
700
_a
Shakespeare
999
_c
4699
_d
4699